| 000 | 01954ngc a2200409 a 4500 | ||
|---|---|---|---|
| 003 | CHAP | ||
| 005 | 20260306062805.0 | ||
| 007 | vz czazzs | ||
| 008 | 221013s2013 mx 040|f |||| s0| vlspa d | ||
| 040 |
_amxchpua _cCHAP |
||
| 090 | _aVídeo | ||
| 100 | 1 |
_9147701 _aSantos Moreno, Armando _d1949 |
|
| 245 | 1 | 0 |
_aCaracterísticas de la ordeña manual en el sistema de producción de leche de traspatio _h[Videograbación] / _cdirector Armando Santos Moreno |
| 250 | _a1a edición | ||
| 260 |
_aChapingo, México : _bEl autor, _c2013 |
||
| 306 | _a000409 | ||
| 490 | 1 |
_aVídeos sobre la industria lechera ; _v6 |
|
| 500 | _aDuración: 4:09 minutos | ||
| 505 | 0 | 0 |
_tIntroducción _g(00:06) -- _tEntrada de las vacas a ordeño _g(00:40) -- _tAlimentación de las vacas _g(00:54) -- _tInmovilización de las vacas _g(01:18) -- _tEstimulación y despunte de los pezones _g(01:37) -- _tExtracción de la leche _g(02:06) -- _tAlmacenamiento de la leche _g(02:30) -- _tSalida de las vacas después de ordeño _g(02:47) -- _tCréditos _g(03:08) |
| 511 | 0 | _aNarrador: Armando Santos Moreno | |
| 511 | 0 | _aMúsica de fondo: "Subiendo" autor e interprete Herb Albert | |
| 521 | 4 | _aObra recomendada para estudiantes del Departamento de Ingeniería Agroindustrial | |
| 538 | _aModo de acceso: Internet | ||
| 546 | _aAudio: En español | ||
| 650 | 1 | 3 |
_9140523 _aCiencia lechera _zMéxico |
| 650 | 1 | 3 |
_965357 _aLeche _xAlmacenamiento |
| 650 | 1 | 3 |
_9185599 _aOrdeñar |
| 650 | 1 | 3 |
_9162947 _aDairy science |
| 650 | 1 | 3 |
_9147069 _aMilk _xStorage |
| 650 | 1 | 3 |
_9185600 _aMilking |
| 700 | 1 |
_aSánchez Cervantes, Anahí _ecamarógrafo _9126697 |
|
| 700 | 1 |
_9126532 _aSalas Sánchez, Sofía Irene _ecamarógrafo |
|
| 700 | 1 |
_9148849 _aHernández Montes, Arturo _ecamarógrafo |
|
| 710 | 2 |
_aUniversidad Autónoma Chapingo _bProducción. DIA. Instituto de alimentos _9143749 |
|
| 856 | 4 | 2 |
_yVER VÍDEO _u http://10.13.5.2/video/Ordeno_Manual_Traspatio.m4v |
| 942 |
_2local _cV |
||
| 999 |
_c217730 _d217730 |
||